000 00257nam a2200097Ia 4500
005 20251222114409.0
008 251222s1900||||xx |||||||||||||| ||spa||
082 _aDVD191.3 T.1/U61M/2003
245 0 _aPrimer diálogo: Pueblo - primera ministra - I
942 _cDVD
999 _c1946
_d1946